000
00346 a2200157 4500
001
67058
020
_a
9788573198676
040
_c
Anchieta - Pituba
100
_a
Assumpção, Adyr
240
1
0
_a
Caminhos da África
_l
por
245
1
0
_a
Caminhos da África
300
_a
48p.
362
0
_a
2013
650
4
_a
Literatura juvenil
942
_c
BK
999
_c
67058
_d
67058